| 000 | 00662cam a2200253 4500 | ||
|---|---|---|---|
| 001 | J94254 | ||
| 008 | 090401t1998 xxu||||| |||| 00| 0 eng d | ||
| 035 | _a(Sirsi) u88870 | ||
| 041 | _aeng | ||
| 050 | _a332.6324 | ||
| 110 |
_aFPDSavills _93625 |
||
| 245 | _aSurvey of major residential investors. - January 1998 | ||
| 260 |
_aLondon _bFPDSavills _c1998 |
||
| 300 | _a1 folded sheet (6p.) ; 30cm. | ||
| 350 | _a0 | ||
| 650 | _aPROPERTY INVESTMENT | ||
| 650 | _aPROPERTY INVESTORS | ||
| 650 | _aRESIDENTIAL INVESTMENT | ||
| 650 |
_aRESIDENTIAL PROPERTY _96266 |
||
| 690 | _aHOUSING | ||
| 710 |
_aSavills _92020 |
||
| 942 | _n0 | ||
| 948 | _c06/10/1998 | ||
| 999 |
_c97388 _d97388 |
||